000 01334nam0a2200361 4500
001 RU\NLR\BIBL_A\011924213
005 20190211104515.0
010 _a978-5-04-099055-9
_96000
021 _aRU
_bКН-П-18-099440
_9КН-П-18-7218
035 _a(NLR Aleph) 011924213
035 _a(RuMoRGB)009845447
090 _a11004412
_c11004412
100 _a20190131d2019 e y0rusy50 ca
101 0 _arus
102 _aRU
105 _ay z ya
200 1 _aДоза для тигра
_fНиколай Леонов, Алексей Макеев
210 _aМосква
_cЭксмо
_d2019 [т. е. 2018]
215 _a316, [2] с.
_d17
225 1 _aРусский бестселлер
300 _aКн. фактически изд. в 2018 г.
333 _a16+
686 2 _aШ6(2=Р)8-446Леонов
686 2 _aШ6(2=Р)8-446Макеев
700 1 _7ca
_8rus
_aЛеонов
_bН. И.
_cписатель
_f1933-1999
_gНиколай Иванович
_9110768
_3RU\NLR\AUTH\77728
701 1 _7ca
_8rus
_aМакеев
_bА. В.
_cписатель
_gАлексей Викторович
_9125605
_3RU\NLR\AUTH\7715960
942 _cBOOK
980 _aNBR
980 _aNB